| 000 | 00841nam a2200205Ia 4500 | ||
|---|---|---|---|
| 008 | 0000001993 sp a 0000000000spa00 | ||
| 090 | _aPSP00 O45m | ||
| 100 | 1 | _aOlmo, Santiago B. | |
| 245 | 1 | 0 |
_aMiguel Angel Campano _b: Ruth y Booz _c/ textos Santiago B. Olmo ; fotografías Javier Campano |
| 300 |
_a45 p. _c/ 27 cm. |
||
| 500 | _aExposición realizada en Sala de Exposiciónones del Banco Zaragozano, Zaragoza, DiciembreEnero, 1993 \ Con el patronazgo del maestro venezolano Jesús Rafael Soto (q.e.p.d.) | ||
| 600 | 0 | 0 |
_aCAMPANO, MIGUEL ANGEL, 1948/ _xTRABAJOS PICTORICOS |
| 650 | 1 | 4 | _aARTE CONTEMPORANEO ESPAÑOL |
| 650 | 1 | 4 | _xCATALOGOS |
| 650 | 1 | 4 | _xEXPOSICIONES |
| 650 | 1 | 4 | _aPINTORES ESPAÑOLES |
| 650 | 1 | 4 | _aPINTURA ESPAÑOLA |
| 700 | 1 | _aCampano, Javier | |
| 999 |
_c1786 _d1786 |
||
| 260 |
_aZaragoza : Banco Zaragozano _c1993 |
||